<?xml version="1.0" encoding="UTF-8"?>
<marc:record xmlns:marc="http://www.loc.gov/MARC21/slim">
   <marc:leader>00000nam a2200000 a 4500</marc:leader>
   <marc:datafield ind1="1" ind2=" " tag="100">
      <marc:subfield code="a">Sederl, Johanna</marc:subfield>
      <marc:subfield code="4">aut</marc:subfield>
      <marc:subfield code="e">Verfasser/-in</marc:subfield>
   </marc:datafield>
   <marc:datafield ind1=" " ind2=" " tag="653">
      <marc:subfield code="a">Softcover / Ratgeber/Essen</marc:subfield>
   </marc:datafield>
   <marc:datafield ind1=" " ind2=" " tag="653">
      <marc:subfield code="a">Trinken/Themenkochbücher</marc:subfield>
   </marc:datafield>
   <marc:datafield ind1=" " ind2=" " tag="653">
      <marc:subfield code="a">Kochbuch</marc:subfield>
   </marc:datafield>
   <marc:datafield ind1="0" ind2="0" tag="245">
      <marc:subfield code="a">Vegane und vegetarische Brotaufstriche</marc:subfield>
   </marc:datafield>
   <marc:datafield ind1="0" ind2="0" tag="245">
      <marc:subfield code="c">Johanna Sederl</marc:subfield>
   </marc:datafield>
   <marc:datafield ind1=" " ind2="1" tag="264">
      <marc:subfield code="a">Wien</marc:subfield>
      <marc:subfield code="b">Kneipp Verlag</marc:subfield>
      <marc:subfield code="c">2013</marc:subfield>
   </marc:datafield>
   <marc:datafield ind1=" " ind2=" " tag="250">
      <marc:subfield code="a">1. Aufl.</marc:subfield>
   </marc:datafield>
   <marc:datafield ind1="1" ind2=" " tag="520">
      <marc:subfield code="a">Angaben aus der Verlagsmeldung

Vegane und vegetarische Brotaufstriche / von Johanna Sederl

Fleischlos essen liegt im Trend und immer mehr Menschen entscheiden sich sogar dafür, auf tierische Produkte komplett zu verzichten. Das Kochbuch von Johanna Sederl zeigt, wie man rasch, unkompliziert und preisgünstig herrliche Aufstriche für Brot und Gebäck herstellen kann. Die Basis der Aufstriche reicht von Topfen (Quark) und Gemüse über Soja bis zu Hülsenfrüchten und Getreide. Sie erfahren außerdem, wie Sie Sprossen und Keime auf der Fensterbank selbst problemlos ziehen können und blitzschnell selbstgebackenes Gebäck auf den Tisch zaubern können. Aus dem Inhalt: Mehr als 50 einfache vegetarische und vegane Rezepte - Auf Basis von Gemüse, Topfen (Quark), Hülsenfrüchten und Getreide - Blitzrezepte für Vollkornbrot und Vollkorngebäck
</marc:subfield>
   </marc:datafield>
   <marc:datafield ind1=" " ind2=" " tag="020">
      <marc:subfield code="a">9783708805825</marc:subfield>
      <marc:subfield code="9">9783708805825</marc:subfield>
   </marc:datafield>
   <marc:datafield ind1=" " ind2=" " tag="020">
      <marc:subfield code="a">3708805828</marc:subfield>
      <marc:subfield code="9">3708805828</marc:subfield>
   </marc:datafield>
   <marc:datafield ind1=" " ind2=" " tag="041">
      <marc:subfield code="a">ger</marc:subfield>
   </marc:datafield>
   <marc:datafield ind1=" " ind2=" " tag="300">
      <marc:subfield code="a">96 S.</marc:subfield>
   </marc:datafield>
</marc:record>
